00462nam a2200133Ia 4500008004400000041000800044082001100052100001600063245004800079260003900127300001100166999002100177952013000198240112s1965-66 xx 000 0 und d aeng a616.05 aBEESON P.S. aTHE YEAR BOOK OF MEDICINE: YEAR BOOK SERIES bTHE YEAR BOOK PUB CHICAGOc1965-66 a830,HB c1140934d1140934 001040708MEDICINEaMCSbMCSd2024-01-16eRESEACRCH CO.g720.00l0o616.05pMCS-BV-156r2024-01-16 00:00:00w2024-01-16yBJ